000 01199nam a2200229Ia 4500
001 L230-5588
003 IT-CnALBA
008 170116s9999||||xx |||||||||||||| ||und||
040 _aIT-CnALBA
_cIT-CnALBA
041 _aITALIANO
100 _aKLINGER ELMAR
245 0 _aL'EVENTO DI CRISTO.
250 _a1a ed.
260 _a BRESCIA
_bQUERINIANA EDIT. LIBR. VESC.
_c1971 [1° Ed.:1971 - Ed.Ling.Originale: 1970]
300 _a940 p. (prefazione: 910)
500 _aTEOLOGIA DELLA STORIA DELLA SALVEZZA. CURATORI FEINER J. E LOHRER M. COLLABORATORI: KLINGER E. INTRODUZIONE. OPERA SALVIFICA DEL PADRE. HAMMAN A. VECCHIO TESTAMENTO E CRISTOLOGIA DI FUGLISTER N. CRISTOLOGIA NEL NUOVO TESTAMENTO: SCHNACKENBURG R. CRISTOLOG
501 _aSocietà San Paolo EM - Piazza San Paolo, 14 - 12051 ALBA (CN) (non commercial uses only) ® Copyright 2017
520 _aTEOLOGIA DELLA STORIA DELLA SALVEZZA. CURATORI FEINER J. E LOHRER M. COLLABORATORI: KLINGER E. INTRODUZIONE. OPERA SALVIFICA DEL PADRE. HAMMAN A. VECCHIO TESTAMENTO E CRISTOLOGIA DI FUGLISTER N. CRISTOLOGIA NEL NUOVO TESTAMENTO: SCHNACKENBURG R. CRISTOLOG
650 _aDOGMATICA CRISTIANA
942 _cBK
957 _71
999 _a6567
_bNO
_g Copie: 1
_c264774
_d264774